| 000 | 00861nam a2200229 a 4500 | ||
|---|---|---|---|
| 001 | BRCA_7060 | ||
| 005 | 20190321142936.0 | ||
| 008 | 031211s2004----po-a######---#000-0#por-# | ||
| 020 | _a9729119937 | ||
| 041 | _apor | ||
| 044 | _apo | ||
| 050 | 4 | _b.V37 2004 | |
| 100 | 1 |
_aVasconcelos e Sousa, Gonçalo de _917548 |
|
| 245 | 1 | 0 |
_aA Ourivesaria da Prata em Portugal e os Mestres Portuenses _bHistória e Sociabilidade (1750-1810) _cGonçalo de Vasconcelos e Sousa. |
| 260 |
_aPorto, Portugal _bFundaçao Eng.º António de Almeida _c2004 |
||
| 300 |
_a684 p. _bil. _c25 cm. |
||
| 500 | _aIncluye glosario, índice de apéndice documental, índide de ilustraciones e índice de tablas | ||
| 500 | _aDonación de María Sánchez | ||
| 504 | _aBibliografía: p. [521]-557 | ||
| 650 | 1 | 4 |
_aJoyería de plata _xHistoria _y1750-1810 _zPortugal _917549 |
| 942 |
_2lcc _cB |
||
| 999 |
_c6741 _d6741 |
||